| 000 | 01786cam a2200373 4500 | ||
|---|---|---|---|
| 003 | PE-LiUPU | ||
| 005 | 20250731183421.0 | ||
| 020 | _a84718352304 | ||
| 035 | _a(Sirsi) i84718352304 | ||
| 035 | _a(Sirsi) 40007 | ||
| 035 | _a(Sirsi) 40007 | ||
| 041 | _aes | ||
| 044 | _aes | ||
| 082 | 0 | 4 |
_a745.9 _bP92 4 |
| 100 | 1 |
_aPugés, Maite _ered. |
|
| 245 | 1 | 0 |
_aArreglos florales / _c[redacción, Maite Pugès, Mayka Barciela ; traducción, Marta Tremoleda, Olga Puig]. |
| 264 | 1 |
_aBarcelona : _bHymsa, _c[2004] |
|
| 300 |
_a96 páginas : _bilustraciones ; _c29 cm. |
||
| 505 | 0 | _aPot pourri -- Alegres costureros -- El cofre del tesoro -- Bonsai, sin problemas -- Rincones en la cocina -- Fantasía extravagante -- Arboles de flores secas -- Una idea original -- Fácil y elegante -- Dígalo con rosas -- Detalles: El baño -- Técnicas de secado -- Flores frágiles y eternas -- Diseños con flores prensadas -- Flores y labores -- Reflejos dorados -- Hortensias artificiales -- Flores luminosas -- Detalles para los niños -- Rosas de papel -- Velas con flores y perfumadas -- Detalles: Comedores. | |
| 526 | _aP158 | ||
| 526 | _aP146 | ||
| 526 | _aP17 | ||
| 526 | _aP12 | ||
| 526 | _aP06 | ||
| 650 | 1 | 7 |
_aDecoración floral _2embne |
| 700 | 1 |
_aBarciela, Mayka _ered. |
|
| 942 |
_2ddc _cBOOK |
||
| 949 |
_a745.9 P92 4 _i57155 _lCCODEBUL1 _mBUL _tLIBRO _o.STAFF. Colección General |
||
| 859 |
_q57155 _h745.9 _iP92 4 |
||
| 910 |
_agl _bjv _clch _d20070606 |
||
| 596 | _a1 | ||
| 999 |
_a745.9 P92 4 _wDEWEY _c46272 _i57155 _d46272 _e2017-9-15 _f2021-11-10 _g7 _lCCODEBUL1 _mBUL _n1 _p15.00 _r0 _sY _tBOOK _u2015-6-25 _xINGENIERIA _zAGB _0COMPRA _o.STAFF. Colección General |
||
| 980 |
_81 _gALBERTO SANCHEZ Responsable de Automatización |
||